[Event "GRE-chT 52nd"]
[Site "Loutraki"]
[Date "2025.07.02"]
[Round "5.60"]
[White "Ioannidis, Konstantinos I"]
[Black "Ieromonachos, Dimitrios Nektarios"]
[Result "1-0"]
[WhiteElo "1927"]
[BlackElo "1512"]
[PlyCount "65"]
[EventDate "2025.06.28"]
[EventType "team-swiss"]
[EventRounds "7"]
[EventCountry "GRE"]
[SourceTitle "CB28_2025"]
[SourceDate "2025.07.09"]
[SourceVersion "1"]
[SourceVersionDate "2025.07.09"]
[SourceQuality "1"]
[WhiteTeam "Αmo Galaxias"]
[BlackTeam "Piraikos OS"]
[WhiteTeamCountry "GRE"]
[BlackTeamCountry "GRE"]

1. Nf3 Nf6 2. b3 d5 3. Bb2 Bf5 4. g3 e6 5. Bg2 Bd6 6. d3 h6 7. 0-0 0-0 8. Nbd2 Nbd7 9. Qe1 Bg6 10. e4 dxe4 11. dxe4 e5 12. Nh4 Bh7 13. Qe2 Re8 14. Rad1 c6 15. Nc4 Bc7 16. Ba3 c5 17. Bxc5 Bxe4 18. Bxe4 Nxe4 19. Rxd7 Qxd7 20. Qxe4 b6 21. Nf5 g6 22. Nxh6+ Kg7 23. Be3 f5 24. Qg2 f4 25. Nxe5 Bxe5 26. gxf4 Bf6 27. f5 g5 28. h4 Rxe3 29. fxe3 Kxh6 30. Qxa8 Qe7 31. hxg5+ Kxg5 32. Qg2+ Kh5 33. Qg6+ 1-0

[Event "GRE-ch U12"]
[Site "Peristeri"]
[Date "2024.06.25"]
[Round "6"]
[White "Ieromonachos, Dimitrios Nektarios"]
[Black "Kiryttopoulos, Ioannis"]
[Result "0-1"]
[WhiteElo "1533"]
[BlackElo "1945"]
[PlyCount "74"]
[EventDate "2024.06.22"]
[EventType "swiss"]
[EventRounds "9"]
[EventCountry "GRE"]
[SourceTitle "EXT 2025"]
[Source "ChessBase"]
[SourceDate "2024.10.14"]
[SourceVersion "1"]
[SourceVersionDate "2024.10.14"]
[SourceQuality "1"]

1. c4 e6 2. Nc3 Nf6 3. g3 d5 4. cxd5 exd5 5. d4 c6 6. Bg2 Bd6 7. Bg5 h6 8. Bxf6 Qxf6 9. e3 0-0 10. Nge2 Bf5 11. 0-0 Qe7 12. a3 Nd7 13. Qc1 Rfe8 14. Rd1 a6 15. b3 Nf6 16. a4 b5 17. axb5 axb5 18. Rxa8 Rxa8 19. Qb2 Qa7 20. Re1 Qa3 21. Qxa3 Rxa3 22. f3 Bb4 23. Rc1 Rxb3 24. e4 Bxc3 25. Nxc3 Bg6 26. exd5 cxd5 27. f4 Rb4 28. Rd1 Rb2 29. Nxd5 Rxg2+ 30. Kxg2 Nxd5 31. Kf2 b4 32. Rd2 b3 33. Rb2 Bc2 34. Ke2 Nc3+ 35. Kd2 Nb1+ 36. Kc1 Na3 37. Kd2 Nc4+ 0-1